श्रीमद्वाल्मीकीय रामायण (Record no. 114169)

MARC details
000 -LEADER
fixed length control field 00959nam a2200253Ia 4500
003 - CONTROL NUMBER IDENTIFIER
control field OSt
005 - DATE AND TIME OF LATEST TRANSACTION
control field 20220918110713.0
008 - FIXED-LENGTH DATA ELEMENTS--GENERAL INFORMATION
fixed length control field 220915b |||||||| |||| 00| 0 hin d
037 ## - SOURCE OF ACQUISITION
Terms of availability Reference Collections
040 ## - CATALOGING SOURCE
Original cataloging agency ARTS
Transcribing agency ARTS
Language of cataloging hin
041 ## - LANGUAGE CODE
Source of code hin
Language code of text/sound track or separate title hin
100 ## - MAIN ENTRY--PERSONAL NAME
Personal name वाल्मीकि, ले.
245 #0 - TITLE STATEMENT
Title श्रीमद्वाल्मीकीय रामायण
Remainder of title सचित्र, हिन्दी भाषान्तरसहित
246 ## - VARYING FORM OF TITLE
Title proper/short title Shrīmadvālmīkīya rāmāyaṇa: sachitra, hindī bhāṣhāntarasahita
260 ## - PUBLICATION, DISTRIBUTION, ETC.
Place of publication, distribution, etc. गोरखपुर
Name of publisher, distributor, etc. गीताप्रेस भारत
Date of publication, distribution, etc. 1994
490 ## - SERIES STATEMENT
Volume/sequential designation भाग 2
650 ## - SUBJECT ADDED ENTRY--TOPICAL TERM
Topical term or geographic name entry element jkek;.k
9 (RLIN) 9106
942 ## - ADDED ENTRY ELEMENTS (KOHA)
Classification part O15,1A1, 152N4.2(RR)
Koha item type Reference
Holdings
Withdrawn status Lost status Damaged status Not for loan Home library Current library Date acquired Serial Enumeration / chronology Total Checkouts Full call number Barcode Date last seen Price effective from Koha item type
        Arts Library Arts Library 2022-09-18 भाग 2   O15,1A1 152N4.2(RR) AL1042181 2022-09-18 2022-09-18 Reference
Copyright @ Delhi University Library System